000 00747nam a2200217Ii 4500
003 JO-AjNU
008 230605s9999||||xx |||||||||||||| ||und||
017 _a2009/5/1835
040 _aJO-AjNU
_bara
_erda
_cJO-AjNU
041 _aara
050 1 4 _aQA76.9.S84.Z59 2010
100 3 _aزيادة ، فريد فهمي,
_eauthor
_929774
245 0 0 _aالمقدمة في تحليل وتصميم النظم
250 _aالعربية
264 3 1 _aعمان: دار اليازوري ، 2010
300 _a258ص
336 _atext
_btxt
_2rdacontent
337 _aunmediated
_bn
_2rdamedia
338 _avolume
_bnc
_2rdacarrier
650 4 _aنظم المعلومات الاداريه-الحاسيات الالكترونية -تصميم
_929775
999 _aA11721
_c15289
_d15289